El eternauta : edición especial literatura complementaria /
Guardado en:
| Autor Principal: | |
|---|---|
| Otros Autores: | |
| Formato: | Libro |
| Publicado: |
Buenos Aires :
Doedytores,
2008
|
| Materias: | |
| Etiquetas: |
Agregar Etiqueta
Sin Etiquetas, Sea el primero en etiquetar este registro!
|
| LEADER | 00935nam a22002535a 4500 | ||
|---|---|---|---|
| 001 | CEM.cems015093 | ||
| 008 | 130507s2008##################000#0#####d | ||
| 005 | 20250514082433.0 | ||
| 245 | 1 | 0 | |a El eternauta : |b edición especial literatura complementaria / |c Héctor G. Oesterheld y Francisco Solano López |
| 260 | |a Buenos Aires : |b Doedytores, |c 2008 | ||
| 300 | |a 352 p. ; 20x14 cm. | ||
| 020 | |a 9789879085332 | ||
| 100 | 1 | |a Oesterheld, Héctor G. | |
| 700 | 1 | |a Solano López, Francisco | |
| 082 | 0 | 4 | |a A868.4 |
| 653 | |a Literatura | ||
| 653 | |a Literatura argentina | ||
| 653 | |a Comic | ||
| 653 | |a Historieta | ||
| 653 | |a Ciencia ficción | ||
| 859 | |a CEMS |b BIB. CEMS - Agricultura |h A868.4 |i Oe8-1 |p A3582.23 |t Ej.1 | ||
| 859 | |a CEMS |b BIB. CEMS - 11 de abril |h A868.4 |i Oe8-2 |p 28079.19 |t Ej.1 | ||
| 859 | |a CEMS |b BIB. CEMS - 11 de abril |h A868.4 |i Oe8-2 |p 29861.25 |t Ej.2 | ||
| 859 | |a CEMS |b BIB. CEMS - 11 de abril |h A868.4 |i Oe8-2 |p 29862.25 |t Ej.3 | ||
